000
00330 a2200157 4500
001
189168
020
_a
960-7955-58-7
040
_c
Magnum
100
_a
Mitchell, H Q
240
1
0
_a
Lisa goes to london
_l
ING
245
1
0
_a
Lisa goes to london
300
_a
23
362
0
_a
1998
697
_a
LITERATURA INGLESA
942
_c
BK
999
_c
189168
_d
189168